MARC

LEADER 00000nam0a2200000 4500
001 318754
005 20231102003117.0
035 |a (RuTPU)RU\TPU\book\344255 
035 |a RU\TPU\book\337306 
090 |a 318754 
100 |a 20160505d1963 m y0rusy50 ca 
101 0 |a rus 
102 |a RU 
105 |a a j 000zy 
200 1 |a Теория механизмов и машин  |e учебное пособие  |f С. И. Артоболевский 
210 |a Москва  |c Высшая школа  |d 1963 
215 |a 342 с.  |c ил. 
606 1 |a Механизмы и машины  |x Теория  |2 stltpush  |3 (RuTPU)RU\TPU\subj\64695  |9 81456 
610 1 |a учебные пособия 
610 1 |a кинематические цепи 
610 1 |a кинематические схемы 
610 1 |a механические передачи 
610 1 |a зубчатые механизмы 
610 1 |a кулачковые механизмы 
610 1 |a стержневые механизмы 
610 1 |a комбинированные механизмы 
610 1 |a моменты 
610 1 |a силы 
610 1 |a массы 
610 1 |a движение 
610 1 |a регулирование 
675 |a 621.01(075.8)  |v 4 
700 1 |a Артоболевский  |b С. И.  |g Сергей Иванович 
801 0 |a RU  |b 63413507  |c 20011210  |g PSBO 
801 2 |a RU  |b 63413507  |c 20230206  |g PSBO 
942 |c BK